[Event "Ch FEFB Elite"]
[Site "Namur"]
[Date "2018.05.09"]
[Round "1.1"]
[White "Memeti, Kastriot"]
[Black "Godart, Francois"]
[Result "0-1"]
[BlackElo "2420"]
[WhiteElo "2173"]

1.d4 Nf6 2.Bf4 d5 3.e3 c5 4.c3 Nc6 5.Nd2 e6 6.Ngf3 Bd6 7.Bg3 O-O 8.Bd3 b6
9.e4 Be7 10.e5 Nh5 11.a3 a5 12.O-O Ba6 13.Bxa6 Rxa6 14.Qe2 Ra8 15.a4 Qd7
16.Rfd1 cxd4 17.Nxd4 Nxg3 18.hxg3 Nxd4 19.cxd4 Rfc8 20.Nf1 Rc4 21.b3 Rc3
22.Rab1 Qc6 23.Ne3 Ba3 24.f4 Rc8 25.f5 Bc1 0-1

[Event "Ch FEFB Elite"]
[Site "Namur"]
[Date "2018.05.09"]
[Round "1.2"]
[White "Claesen, Pieter"]
[Black "Iolis, Oleg"]
[Result "0-1"]
[BlackElo "2145"]
[WhiteElo "2315"]

1.c4 e5 2.Nc3 Nf6 3.Nf3 Nc6 4.d4 exd4 5.Nxd4 Nxd4 6.Qxd4 Be7 7.g3 O-O 8.Bg2
d6 9.O-O c6 10.Bf4 Nh5 11.Be3 f5 12.Rad1 Be6 13.f4 Re8 14.Bf2 Nf6 15.h3 Qa5
16.Kh2 Qb4 17.b3 Ng4+ 18.hxg4 Bf6 19.Qxd6 Qxc3 20.g5 Bd8 21.Qd2 Qxd2 22.Rxd2
Ba5 23.Rd3 Bb4 24.Bd4 a5 25.a4 Rad8 26.Rfd1 Rd7 27.Bb6 Rxd3 28.Rxd3 Kf7
29.Bf3 Kg6 30.Kg2 h6 31.gxh6 Kxh6 32.Rd1 Kh7 33.e4 fxe4 34.Bxe4+ Kg8 35.Kf3
Re7 36.Rd8+ Kf7 37.Ra8 Bh3 38.Bxa5 Bc5 39.Rd8 Bd7 40.Bc3 { time } 0-1

[Event "Ch FEFB Elite"]
[Site "Namur"]
[Date "2018.05.09"]
[Round "1.3"]
[White "Werner, Ivan"]
[Black "Marechal, Andy"]
[Result "0-1"]
[BlackElo "2311"]
[WhiteElo "2111"]

1.e4 e6 2.d4 d5 3.Nc3 Nc6 4.e5 Nge7 5.Nf3 Qd7 6.Be3 b6 7.Qd2 Bb7 8.h4 h6
9.Ne2 O-O-O 10.Nf4 Nf5 11.O-O-O Na5 12.Qc3 Qa4 13.a3 Nc4 14.Nd2 b5 15.Rh3 b4
16.Qb3 Qxb3 17.cxb3 Ncxe3 18.fxe3 bxa3 19.g4 Nxh4 20.Rxh4 g5 21.Rh2 gxf4
22.exf4 Kb8 23.Kb1 Rc8 24.Nf3 axb2 25.Kxb2 c5 26.g5 Bg7 27.Bb5 cxd4 28.Rxd4
hxg5 29.Rxh8 Bxh8 30.fxg5 Bg7 31.b4 a6 32.Be2 Ka7 33.Kb3 Bc6 34.Rf4 Rc7
35.Rh4 Rb7 36.Rh7 Bf8 37.b5 Bxb5 38.Bxb5 Rxb5+ 39.Kc2 Rb7 40.Nd4 Kb6 41.Kd3
a5 42.g6 fxg6 43.Rh8 Bb4 44.Nxe6 Re7 45.Nf4 Rxe5 46.Nxg6 Rf5 47.Re8 Bd6
48.Re1 Rf2 49.Rc1 a4 50.Kd4 Rd2+ 51.Ke3 Rg2 52.Nh4 Rg4 53.Rh1 Bc5+ 54.Kd3
Rg3+ 55.Kc2 Kb5 56.Rf1 Kc4 57.Rf4+ d4 58.Nf3 Rg2+ 59.Nd2+ Kb4 60.Rf7 Kb5
61.Rf6 Bb4 0-1

[Event "Ch FEFB Elite"]
[Site "Namur"]
[Date "2018.05.09"]
[Round "1.4"]
[White "Fontaine, Quentin"]
[Black "Noiroux, Kevin"]
[Result "1-0"]
[BlackElo "2092"]
[WhiteElo "2303"]

1.d4 d5 2.Nf3 Nf6 3.e3 c5 4.Bd3 e6 5.b3 Bd6 6.dxc5 Bxc5 7.Bb2 Nc6 8.a3 Qe7
9.Nbd2 a5 10.c4 O-O 11.O-O b6 12.cxd5 exd5 13.Qb1 h6 14.Rc1 Ng4 15.Nf1 Rd8
16.Bb5 Nce5 17.Nxe5 Nxe5 18.Ng3 g6 19.b4 Bd6 20.Bd4 Bd7 21.Be2 axb4 22.axb4
b5 23.Qb2 Re8 24.Bc5 Nc4 25.Qd4 Bxc5 26.bxc5 Be6 27.Rab1 Rab8 28.Bf3 Rec8
29.e4 Qxc5 30.Qxc5 Rxc5 31.exd5 Bf5 32.Nxf5 gxf5 33.Rb4 Rd8 34.h3 Kg7 35.Kh2
Rdc8 36.Rd1 Nd6 37.Ra1 Rc2 38.Ra6 Rd8 39.Kg3 Rd2 40.Rb6 Ne4+ 41.Bxe4 fxe4
42.Rxe4 R8xd5 43.Rg4+ Rg5 44.Rxb5 Rxg4+ 45.hxg4 Rd6 46.Rf5 Ra6 47.Kh4 Rb6
48.Ra5 Rb2 49.Kg3 Rb6 50.Ra3 Rg6 51.Kh4 Rb6 52.f4 Rb2 53.Kg3 Rb6 54.Kh4 Rb2
55.Rg3 Rb4 56.f5 Rb2 57.Kh5 Rf2 58.Kh4 Ra2 59.g5 hxg5+ 60.Kxg5 Ra5 61.Rf3 Rb5
62.g4 Ra5 63.Kh5 Rb5 64.g5 Rb1 65.f6+ Kh7 66.Rh3 Rg1 67.Rh2 Kh8 68.Ra2 Kh7
69.Ra8 Rh1+ 70.Kg4 Rg1+ 71.Kf5 Rf1+ 72.Ke5 Rg1 73.Kd6 Rb1 74.Rd8 Ra1 75.Ke7
Ra5 76.Kxf7 Rxg5 77.Rd4 Rg7+ 78.fxg7 1-0

[Event "Ch FEFB Elite"]
[Site "Namur"]
[Date "2018.05.09"]
[Round "1.5"]
[White "Dallemagne, Maximilien"]
[Black "Tomov, Georgi"]
[Result "0-1"]
[BlackElo "2251"]
[WhiteElo "2074"]

1.d4 Nf6 2.Nf3 d5 3.e3 e6 4.Bd3 c5 5.c3 Nc6 6.Nbd2 Be7 7.O-O Qc7 8.dxc5 a5
9.e4 O-O 10.exd5 exd5 11.h3 Bxc5 12.Re1 Bxh3 13.gxh3 Qg3+ 14.Kh1 Bxf2 15.Re2
Qxh3+ 16.Nh2 Ng4 17.Nf3 Bc5 18.Bf5 Nf2+ 19.Rxf2 Qxf5 20.Rg2 f6 21.Qc2 Qxc2
22.Rxc2 Rae8 23.Bf4 Re4 24.Bg3 Kf7 25.Rd1 Ke6 26.Rcd2 Rd8 27.Kg2 g5 28.Bf2
Bxf2 29.Kxf2 g4 30.Nd4+ Nxd4 31.Rxd4 Rxd4 32.Rxd4 f5 33.Ke3 Ke5 34.c4 f4+
0-1

[Event "Ch FEFB Elite"]
[Site "Namur"]
[Date "2018.05.09"]
[Round "1.6"]
[White "Real, Thibault"]
[Black "Timmermans, Daniel"]
[Result "1-0"]
[BlackElo "1919"]
[WhiteElo "2211"]

1.d4 f5 2.Nc3 d5 3.Bf4 Nf6 4.e3 g6 5.Nb5 Na6 6.c4 c6 7.Nc3 Nc7 8.Nf3 Ne6
9.Be5 Bg7 10.Qb3 Ne4 11.Bxg7 Nxg7 12.cxd5 Nxc3 13.bxc3 cxd5 14.Bb5+ Kf8
15.Bd3 Ne8 16.Ne5 Kg7 17.O-O e6 18.c4 Rf8 19.Rfc1 f4 20.Be2 Nf6 21.Bf3 dxc4
22.Rxc4 fxe3 23.fxe3 Nd5 24.Rac1 b5 25.Qxb5 Rxf3 26.Nxf3 Bd7 27.Qa6 Qb6
28.Qxb6 axb6 29.Rc7 Nxc7 30.Rxc7 Rxa2 31.Rxd7+ Kf6 32.Ne5 Kf5 33.Rxh7 Ke4
34.Ng4 Kd3 35.Rb7 Rb2 36.h4 b5 37.Ne5+ Ke4 38.Nxg6 Kxe3 39.h5 Kxd4 40.h6
1-0

[Event "Ch FEFB Elite"]
[Site "Namur"]
[Date "2018.05.10"]
[Round "2.1"]
[White "Godart, Francois"]
[Black "Tomov, Georgi"]
[Result "0-1"]
[BlackElo "2251"]
[WhiteElo "2420"]

1.d4 d5 2.Nf3 Nf6 3.e3 e6 4.Nbd2 c5 5.c3 Be7 6.dxc5 Bxc5 7.Bd3 O-O 8.O-O b6
9.e4 Ba6 10.Bxa6 Nxa6 11.e5 Nd7 12.Qe2 Nab8 13.c4 Nc6 14.a3 a5 15.Re1 Qe7
16.b3 Rfe8 17.Bb2 Nf8 18.Nf1 Rad8 19.Ne3 Bxe3 20.Qxe3 dxc4 21.Qxb6 Qd7 22.Qb5
cxb3 23.Rac1 Ne7 24.Qxa5 Nd5 25.Nd4 Rb8 26.Red1 Rec8 27.Rxc8 Rxc8 28.Nxb3 Qb7
29.Qa4 Rc2 30.Ba1 Ne3 0-1

[Event "Ch FEFB Elite"]
[Site "Namur"]
[Date "2018.05.10"]
[Round "2.2"]
[White "Marechal, Andy"]
[Black "Real, Thibault"]
[Result "1/2-1/2"]
[BlackElo "2211"]
[WhiteElo "2311"]

1.e4 c5 2.Nc3 d6 3.f4 Nc6 4.Nf3 g6 5.Bb5 Bd7 6.O-O Bg7 7.d3 Nf6 8.e5 dxe5
9.Nxe5 Nd4 10.Bc4 O-O 11.a4 Be6 12.Kh1 Nd7 13.Bxe6 Nxe5 14.Bd5 Nec6 15.Rf2 e6
16.Bc4 a6 17.Be3 Qe7 18.Rf1 Rfd8 19.Qd2 Na5 20.Qf2 Nxc4 21.dxc4 b6 22.a5 b5
23.cxb5 axb5 24.Ne4 b4 25.a6 Qc7 26.c3 bxc3 27.bxc3 Qc6 28.Nxc5 Nf5 29.a7
Bxc3 30.Rac1 Nxe3 31.Qxe3 Bd2 32.Qe5 Bxc1 33.Ne4 Qc2 34.Nf6+ Kf8 35.Nxh7+ Ke8
36.Qb5+ Ke7 37.Qb4+ Kd7 38.Qb7+ Kd6 39.Qb6+ Qc6 40.Rd1+ Ke7 41.Qb4+ Rd6
42.Rxd6 Qxd6 43.Qb7+ Qd7 44.Qb4+ Kd8 45.Qb8+ Qc8 46.Qd6+ Qd7 47.Qb8+ Ke7
48.Qb4+ Qd6 49.Qb7+ 1/2-1/2

[Event "Ch FEFB Elite"]
[Site "Namur"]
[Date "2018.05.10"]
[Round "2.3"]
[White "Iolis, Oleg"]
[Black "Fontaine, Quentin"]
[Result "0-1"]
[BlackElo "2303"]
[WhiteElo "2145"]

1.e4 c5 2.Nf3 e6 3.d4 cxd4 4.Nxd4 Nc6 5.Nc3 Qc7 6.Be3 a6 7.Qd2 Nf6 8.f3 Be7
9.O-O-O b5 10.g4 Nxd4 11.Bxd4 Bb7 12.g5 Nh5 13.Be5 Qxe5 14.Qxd7+ Kf8 15.Qxb7
Qb8 16.Rd7 Qxb7 17.Rxb7 h6 18.g6 fxg6 19.a4 Kf7 20.Kb1 bxa4 21.Nxa4 a5 22.Bb5
Rab8 23.Rxb8 Rxb8 24.c4 Bd6 25.Rd1 Bxh2 26.Rd7+ Kf6 27.Ra7 Bd6 28.Rxa5 Bb4
29.Ra7 Nf4 30.Bd7 h5 31.Kc2 h4 32.Nc3 h3 33.Ra1 h2 34.e5+ Ke7 35.Bb5 Bxc3
36.bxc3 Ne2 37.Bc6 Ng3 38.f4 Rc8 39.Bg2 Rxc4 40.Kd3 Rxf4 41.Ke3 g5 42.Rc1
Nf5+ 43.Ke2 g4 0-1

[Event "Ch FEFB Elite"]
[Site "Namur"]
[Date "2018.05.10"]
[Round "2.4"]
[White "Noiroux, Kevin"]
[Black "Claesen, Pieter"]
[Result "1/2-1/2"]
[BlackElo "2315"]
[WhiteElo "2092"]

1.d4 d5 2.Bf4 c5 3.Nc3 e6 4.e3 Nf6 5.Nb5 Na6 6.c3 cxd4 7.exd4 Be7 8.h3 O-O
9.Nf3 Ne4 10.Bd3 Bd7 11.a4 f5 12.h4 Bxb5 13.axb5 Nc7 14.b6 axb6 15.Rxa8 Nxa8
16.Qb3 Bd6 17.Bxd6 Qxd6 18.O-O Nc7 19.Ra1 Ne8 20.Ne5 Qd8 21.g3 N8d6 22.Re1 g6
23.Nf3 Qc7 24.Kg2 Kg7 25.Ng5 Re8 26.Qa4 Re7 27.f4 h6 28.Nf3 1/2-1/2

[Event "Ch FEFB Elite"]
[Site "Namur"]
[Date "2018.05.10"]
[Round "2.5"]
[White "Dallemagne, Maximilien"]
[Black "Memeti, Kastriot"]
[Result "1/2-1/2"]
[BlackElo "2173"]
[WhiteElo "2074"]

1.d4 d5 2.Nf3 e6 3.e3 f5 4.c4 c6 5.Nc3 Nf6 6.Be2 Bd6 7.Ne5 O-O 8.O-O Nbd7
9.f4 g5 10.cxd5 cxd5 11.Nxd7 Bxd7 12.fxg5 Ne4 13.Nxe4 fxe4 14.Rxf8+ Bxf8
15.Bd2 Qxg5 16.Bg4 Bd6 17.Bh3 Kh8 18.Qe2 a6 19.g3 Rg8 20.a4 h5 21.Kh1 h4
22.g4 Rf8 23.b3 b5 24.Rf1 Rxf1+ 25.Qxf1 Kg7 26.Qg2 Be8 27.Kg1 Qe7 28.Be1 Qc7
29.Bxh4 bxa4 30.bxa4 Bxa4 31.Qf1 Be7 32.Bxe7 Qxe7 33.Qxa6 Bd1 34.Qf1 Bf3
35.Bg2 Bxg4 36.Qf4 Bf5 37.h4 Qf6 38.Kf2 Bg6 1/2-1/2

[Event "Ch FEFB Elite"]
[Site "Namur"]
[Date "2018.05.10"]
[Round "2.6"]
[White "Timmermans, Daniel"]
[Black "Werner, Ivan"]
[Result "0-1"]
[BlackElo "2111"]
[WhiteElo "1919"]

1.d4 Nf6 2.c4 g6 3.Nc3 d5 4.Nf3 Bg7 5.Bg5 Ne4 6.cxd5 Nxg5 7.Nxg5 e5 8.Nf3
exd4 9.Nxd4 c6 10.e3 O-O 11.Be2 cxd5 12.O-O Nc6 13.Nxc6 bxc6 14.Qa4 Qb6
15.Qa3 Rb8 16.Rab1 Bf5 17.e4 dxe4 18.Na4 Qb4 19.g4 Qxa3 20.bxa3 Be6 21.Rbc1
Bd5 22.Rc5 Rfd8 23.Rd1 Bxa2 24.Rxd8+ Rxd8 25.Rxc6 Rd4 26.Nc3 Be6 27.Rc7 Be5
28.Rxa7 Rd2 29.Nxe4 Rxe2 30.Ng3 Ra2 31.h3 Bd4 32.Ra8+ Kg7 33.Ne4 Re2 34.Ng3
Bxf2+ 35.Kf1 Rc2 36.Ne4 Bc4+ 37.Kg2 Bd5 38.Re8 f5 0-1

[Event "Ch FEFB Elite"]
[Site "Namur"]
[Date "2018.05.10"]
[Round "3.1"]
[White "Tomov, Georgi"]
[Black "Fontaine, Quentin"]
[Result "1/2-1/2"]
[BlackElo "2303"]
[WhiteElo "2251"]

1.e4 c5 2.Nf3 e6 3.c3 Nf6 4.e5 Nd5 5.g3 Nc6 6.Bg2 b6 7.O-O Bb7 8.Re1 d6
9.exd6 Bxd6 10.d4 O-O 1/2-1/2

[Event "Ch FEFB Elite"]
[Site "Namur"]
[Date "2018.05.10"]
[Round "3.2"]
[White "Godart, Francois"]
[Black "Marechal, Andy"]
[Result "1/2-1/2"]
[BlackElo "2311"]
[WhiteElo "2420"]

1.d4 d5 2.Nf3 Nf6 3.c4 c6 4.e3 Bf5 5.Nc3 e6 6.Nh4 Bg6 7.Qb3 Qc7 8.Nxg6 hxg6
9.g3 Nbd7 10.cxd5 exd5 11.Bg2 Be7 12.O-O Rd8 13.f3 Nb6 14.a4 O-O 15.a5 Nc4
16.Qa4 b5 17.axb6 axb6 18.b3 Na5 19.Rd1 Qb7 20.Ba3 b5 21.Qxa5 Ra8 22.Bxe7
Rxa5 23.Bxf8 Rxa1 24.Rxa1 Kxf8 25.Kf2 g5 26.Bh3 g6 27.Ne2 Qe7 28.Ra6 g4
29.Bxg4 Nxg4+ 30.fxg4 Qb4 31.Rxc6 Qxb3 32.g5 Qa2 33.Kf3 Qb1 34.Nf4 b4 35.Ke2
Qa2+ 36.Kf3 Qxh2 37.Rb6 Qh1+ 38.Kf2 Qb1 39.Rb5 Qc2+ 40.Kf3 Kg7 41.Nxd5 Qf5+
42.Ke2 b3 43.Rc5 b2 44.Nc3 Qc2+ 45.Kf3 Qxc3 46.Rxc3 b1=Q 47.Rc5 Qf1+ 48.Ke4
Qg2+ 49.Kd3 Qxg3 50.Re5 Kf8 51.Ke4 f6 52.gxf6 Kf7 53.d5 Kxf6 54.Re6+ Kf7
55.Rc6 Qg4+ 56.Ke5 Qg5+ 57.Kd4 Qh4+ 58.e4 Qf2+ 59.Ke5 g5 60.Rc7+ Kg6 61.Rc6+
Kf7 62.Rc7+ Kg6 63.Rc6+ Kf7 1/2-1/2

[Event "Ch FEFB Elite"]
[Site "Namur"]
[Date "2018.05.10"]
[Round "3.3"]
[White "Real, Thibault"]
[Black "Iolis, Oleg"]
[Result "0-1"]
[BlackElo "2145"]
[WhiteElo "2211"]

1.d4 Nf6 2.Bf4 g6 3.Nc3 d5 4.Qd2 Bg7 5.f3 c5 6.Nb5 Na6 7.e3 O-O 8.h4 Bd7
9.Nh3 Nh5 10.O-O-O Bxh3 11.Rxh3 Nxf4 12.exf4 cxd4 13.Nxd4 Qb6 14.Bxa6 Qxa6
15.Kb1 e6 16.h5 Rfc8 17.hxg6 hxg6 18.g4 Rc4 19.c3 Rac8 20.f5 exf5 21.gxf5 Qb6
22.Rdh1 Rxc3 23.Qh2 Qxd4 24.bxc3 Qxc3 25.Rh8+ Bxh8 26.Qh7+ Kf8 27.Qxh8+ Ke7
28.Qh4+ Kd7 29.Qa4+ Qc6 30.Qxa7 gxf5 31.Qf2 Qc5 32.Qb2 b5 33.Rd1 Rc6 34.Qb3
Kd6 35.Rh1 Kc7 36.Rd1 Kd6 37.Rh1 f6 38.Rd1 Qc4 39.Qb2 Qc3 40.Qh2+ Qe5 41.Qh8
Kc7 42.Qg8 d4 43.Qf7+ Kb6 44.Qd7 Rd6 45.Qc8 d3 46.Qb8+ Ka5 47.Qc7+ Kb4 48.Qf7
Qd5 49.Qc7 d2 50.a3+ Kxa3 51.Qa5+ Kb3 52.Qa2+ Kb4 53.Qb2+ Qb3 54.Rxd2 Rxd2
0-1

[Event "Ch FEFB Elite"]
[Site "Namur"]
[Date "2018.05.10"]
[Round "3.4"]
[White "Werner, Ivan"]
[Black "Noiroux, Kevin"]
[Result "1/2-1/2"]
[BlackElo "2092"]
[WhiteElo "2111"]

1.e4 d5 2.exd5 Qxd5 3.Nc3 Qa5 4.d4 Nf6 5.Nf3 Bf5 6.Ne5 c6 7.g4 Be6 8.Bg2 Nbd7
9.Nxd7 Bxd7 10.h3 g6 11.Bd2 Qc7 12.Qe2 Bg7 13.O-O-O Be6 14.Rhe1 O-O 15.f4
Rfe8 16.Qf2 Qc8 17.Kb1 b5 18.Ne4 Nxe4 19.Bxe4 a5 20.f5 Bd5 21.fxg6 hxg6
22.Bg5 Ra7 23.Qh4 Rd7 24.Bxd5 Rxd5 25.c3 e5 26.dxe5 Rexe5 27.Rxd5 Rxd5 28.Bc1
a4 29.Qe7 Qd8 30.Qe8+ Qxe8 31.Rxe8+ Kh7 32.Kc2 Rc5 33.a3 Bf6 34.Re4 Kg7
35.Be3 Rd5 36.Bd4 Bxd4 37.cxd4 f5 38.gxf5 Rxf5 39.Re7+ Kh6 40.Re6 c5 41.dxc5
Rxc5+ 42.Kd3 Kh5 43.Re4 g5 44.Rb4 Rf5 45.Ke3 Re5+ 46.Kf3 Rc5 47.Kg3 Rd5
48.Kf3 Rc5 49.Kg2 Rc2+ 50.Kg1 Rc5 51.Kg2 Rc2+ 52.Kg1 Rc5 1/2-1/2

[Event "Ch FEFB Elite"]
[Site "Namur"]
[Date "2018.05.10"]
[Round "3.5"]
[White "Claesen, Pieter"]
[Black "Dallemagne, Maximilien"]
[Result "1/2-1/2"]
[BlackElo "2074"]
[WhiteElo "2315"]

1.c4 Nf6 2.Nc3 e6 3.e4 d5 4.cxd5 exd5 5.e5 Nfd7 6.d4 Nb6 7.Be3 Bf5 8.Rc1 Be7
9.Nge2 Nc4 10.Nf4 Nxe3 11.fxe3 c6 12.Bd3 Bxd3 13.Qxd3 O-O 14.O-O Na6 15.Rf3
g6 16.Rcf1 Nc7 17.e4 Qd7 18.exd5 cxd5 19.Rg3 Kh8 20.Rh3 Bg5 21.Rg3 Bh4
22.Rgf3 Rad8 23.Qe3 Kg8 24.Kh1 Bg5 25.Nh5 Bxe3 26.Nf6+ Kg7 27.Nxd7 Rxd7
28.Rxe3 Ne6 1/2-1/2

[Event "Ch FEFB Elite"]
[Site "Namur"]
[Date "2018.05.10"]
[Round "3.6"]
[White "Memeti, Kastriot"]
[Black "Timmermans, Daniel"]
[Result "0-1"]
[BlackElo "1919"]
[WhiteElo "2173"]

1.d4 f5 2.Bf4 Nf6 3.e3 h6 4.h4 g6 5.Nf3 d6 6.Bc4 e6 7.Nbd2 Bg7 8.Qe2 O-O
9.Bb3 Kh8 10.O-O-O Nc6 11.e4 Nh5 12.Bh2 Nxd4 13.Nxd4 Bxd4 14.exf5 exf5 15.Nf3
Bg7 16.c3 Re8 17.Qd3 Qf6 18.Qc4 Be6 19.Qxc7 Bxb3 20.axb3 Rac8 21.Qa5 Rc5
22.Qa3 f4 23.Rd2 Qf5 24.b4 Rc6 25.Qa4 Rec8 26.b5 Rc4 27.Qa2 Bxc3 28.bxc3
Rxc3+ 0-1

[Event "Ch FEFB Elite"]
[Site "Namur"]
[Date "2018.05.11"]
[Round "4.1"]
[White "Fontaine, Quentin"]
[Black "Marechal, Andy"]
[Result "1-0"]
[BlackElo "2311"]
[WhiteElo "2303"]

1.e4 c6 2.Nc3 d5 3.Nf3 Bg4 4.h3 Bxf3 5.Qxf3 e6 6.d3 Nd7 7.Bd2 Ngf6 8.O-O-O
Bd6 9.g4 O-O 10.g5 Ne8 11.h4 f5 12.exf5 exf5 13.d4 Bc7 14.Ne2 Nb6 15.Nf4 Bxf4
16.Qxf4 a5 17.f3 Nd6 18.b3 a4 19.Bb4 Nbc8 20.Bd3 Qc7 21.Qd2 b6 22.Qc3 axb3
23.axb3 Na7 24.Rhe1 Nab5 25.Bxb5 Nxb5 26.Qe3 Rfc8 27.Be7 Qd7 28.h5 Ra1+
29.Kd2 Rxd1+ 30.Kxd1 Re8 31.h6 Nxd4 32.Qe5 Ne6 33.Qxe6+ Qxe6 34.Rxe6 Kf7
35.Rxc6 Rxe7 36.Rxb6 gxh6 37.Rxh6 Re3 38.Rf6+ Ke7 39.Rxf5 Ke6 40.Kd2 d4
41.Rf6+ Kd5 42.Rf7 Rc3 43.Rxh7 Rxf3 44.g6 Rg3 45.Rd7+ Ke4 46.g7 Rg2+ 47.Kc1
Ke5 48.Kb2 d3 49.Rxd3 Rxg7 50.b4 Rg4 51.Kb3 Rg1 52.b5 Rg4 53.c4 1-0

[Event "Ch FEFB Elite"]
[Site "Namur"]
[Date "2018.05.11"]
[Round "4.2"]
[White "Iolis, Oleg"]
[Black "Tomov, Georgi"]
[Result "0-1"]
[BlackElo "2251"]
[WhiteElo "2145"]

1.e4 c6 2.d4 d5 3.Nc3 dxe4 4.Nxe4 Bf5 5.Ng3 Bg6 6.N1e2 Nf6 7.Nf4 e5 8.Nxg6
hxg6 9.Bc4 Qxd4 10.Qxd4 exd4 11.O-O Bc5 12.Re1+ Kf8 13.Ne4 Nxe4 14.Rxe4 Nd7
15.b4 Nf6 16.Re2 Bd6 17.h3 b5 18.Bd3 Bxb4 19.a4 bxa4 20.Rxa4 a5 21.Bf4 Nd5
22.Bd2 Bxd2 23.Rxd2 c5 24.Be4 Nc3 25.Raxd4 cxd4 26.Bxa8 Ke7 27.Bc6 Rd8 28.f4
Rd6 29.Bf3 a4 0-1

[Event "Ch FEFB Elite"]
[Site "Namur"]
[Date "2018.05.11"]
[Round "4.3"]
[White "Werner, Ivan"]
[Black "Real, Thibault"]
[Result "0-1"]
[BlackElo "2211"]
[WhiteElo "2111"]

1.e4 c5 2.Nf3 d6 3.d4 cxd4 4.Nxd4 Nf6 5.Nc3 g6 6.Be2 Bg7 7.Be3 O-O 8.f4 a6
9.O-O Nc6 10.Nb3 b5 11.Bf3 Bd7 12.Nd5 Nxd5 13.exd5 Na5 14.Nxa5 Qxa5 15.c3 b4
16.Bd4 Bxd4+ 17.Qxd4 bxc3 18.bxc3 Rac8 19.Rfe1 Rfe8 20.Be2 Rxc3 21.Bxa6 Rc2
22.Bc4 Qa4 23.Rec1 Rxc1+ 24.Rxc1 Rc8 25.Qc3 Bb5 26.Bxb5 Rxc3 27.Bxa4 Rxc1+
28.Kf2 Rc4 29.Bc6 Rc2+ 0-1

[Event "Ch FEFB Elite"]
[Site "Namur"]
[Date "2018.05.11"]
[Round "4.4"]
[White "Noiroux, Kevin"]
[Black "Godart, Francois"]
[Result "1/2-1/2"]
[BlackElo "2420"]
[WhiteElo "2092"]

1.d4 d5 2.Bf4 Nf6 3.e3 e6 4.Nd2 c5 5.c3 Nc6 6.Ngf3 Bd6 7.Bg3 O-O 8.Bb5 Qe7
9.Bxc6 bxc6 10.Qa4 Bxg3 11.hxg3 cxd4 12.cxd4 Rb8 13.Qc2 Ba6 14.Ne5 Rfc8
15.Nb3 Qb4+ 16.Qc3 Ne4 17.Qxb4 Rxb4 18.Rc1 Bc4 19.Rc2 Bxb3 20.axb3 c5 21.Nd3
Rxb3 22.Nxc5 Nxc5 23.O-O Rcb8 24.Rxc5 Rxb2 25.Ra5 R8b7 26.g4 R2b5 27.Ra6 R5b6
28.Ra5 a6 29.g5 Ra7 30.Rfa1 Kf8 31.g4 Ke7 32.Kg2 Kd6 33.Rc5 f6 34.gxf6 gxf6
35.Kg3 Rc6 36.Rca5 Kc7 37.Rb1 Rb6 38.Rc5+ Kb7 39.Rh1 Kb8 40.Rh6 Rf7 41.f4 Kb7
42.g5 fxg5 43.fxg5 Rd6 44.Rf6 Re7 45.Kf4 Rc6 46.Ra5 Kb6 47.Ra1 a5 48.Ke5 Rc3
49.Rxe6+ Rxe6+ 50.Kxe6 Rxe3+ 51.Kxd5 Rg3 52.Kd6 Rxg5 53.Rb1+ Ka6 54.d5 a4
55.Kc6 Rg3 56.d6 Rc3+ 57.Kd7 Rd3 58.Kc7 Ka5 59.d7 a3 60.d8=Q Rxd8 61.Kxd8 Ka4
62.Rh1 a2 63.Rxh7 Kb3 1/2-1/2

[Event "Ch FEFB Elite"]
[Site "Namur"]
[Date "2018.05.11"]
[Round "4.5"]
[White "Timmermans, Daniel"]
[Black "Dallemagne, Maximilien"]
[Result "0-1"]
[BlackElo "2074"]
[WhiteElo "1919"]

1.f4 d5 2.Nf3 Bf5 3.d3 h6 4.h3 Nf6 5.g4 Bh7 6.Bg2 e6 7.O-O Bc5+ 8.e3 Nbd7
9.Kh1 c6 10.Qe2 Qc7 11.Nbd2 Bd6 12.Nh4 O-O-O 13.Nhf3 Rdg8 14.Nd4 g5 15.f5
exf5 16.Nxf5 Bxf5 17.Rxf5 h5 18.Bf3 hxg4 19.Bxg4 Nxg4 20.Qxg4 Rh4 21.Qg2 Rgh8
22.Rxg5 Qd8 23.Kg1 Rxh3 24.Nf1 Rh1+ 25.Kf2 Qf6+ 26.Ke2 Rxf1 27.Rg8+ Rxg8
28.Qxg8+ Kc7 29.Qg2 Rf5 30.Bd2 Rh5 31.Rh1 Qg6 32.Qf3 Rxh1 33.Qxh1 Qg4+ 34.Qf3
Qxf3+ 35.Kxf3 Ne5+ 36.Ke2 Be7 37.Be1 Kd7 38.Bg3 Ke6 39.Be1 Bg5 40.Bd2 d4
41.exd4 Bxd2 42.Kxd2 Ng4 43.Ke2 Kd5 44.c3 b5 45.Kf3 Nh6 46.Kf4 f5 47.a3 a5
48.b3 b4 49.cxb4 axb4 50.a4 Kxd4 51.Kg5 Ke5 52.a5 Kd6 0-1

[Event "Ch FEFB Elite"]
[Site "Namur"]
[Date "2018.05.11"]
[Round "4.6"]
[White "Memeti, Kastriot"]
[Black "Claesen, Pieter"]
[Result "0-1"]
[BlackElo "2315"]
[WhiteElo "2173"]

1.d4 d5 2.Nf3 Nf6 3.c3 c6 4.Bg5 Ne4 5.Bh4 Qb6 6.Qb3 Bf5 7.Nbd2 Nd7 8.e3 Nxd2
9.Nxd2 e5 10.Bg3 Bd6 11.Nf3 f6 12.Be2 O-O 13.O-O Qxb3 14.axb3 a6 15.Rfe1 Rfe8
16.Rac1 Rad8 17.Kf1 Nf8 18.Red1 Bg4 19.c4 e4 20.Nd2 Bxe2+ 21.Kxe2 Ne6 22.Bxd6
Rxd6 23.b4 f5 24.Nb3 dxc4 25.Nc5 b5 26.Ra1 Nc7 27.Nxa6 Nd5 28.Ra3 f4 29.Rda1
Rg6 30.g3 fxe3 31.fxe3 Rh6 32.Rh1 Rf6 33.Rf1 Kf7 34.g4 Kg6 35.Rxf6+ gxf6
36.h4 h5 37.gxh5+ Kxh5 38.Nc5 Kxh4 39.Ra7 Kg5 40.Rg7+ Kf5 41.Nb7 Re6 ( 
41...Ke6 42.Nc5+ Kf5 43.Nb7 Rh8 44.Rg2 Rh3 45.Rf2+ Ke6 46.Nc5+ Ke7 47.Kd2
Rxe3 48.Rh2 Kf7 49.Rh5 Rg3 50.Nxe4 Rd3+ 51.Kc1 Rxd4 52.Nc5 Nxb4 53.Rh1 Nd3+ )
0-1

[Event "Ch FEFB Elite"]
[Site "Namur"]
[Date "2018.05.12"]
[Round "5.1"]
[White "Real, Thibault"]
[Black "Fontaine, Quentin"]
[Result "1-0"]
[BlackElo "2303"]
[WhiteElo "2211"]

1.d4 Nf6 2.c4 c5 3.d5 b5 4.cxb5 a6 5.bxa6 g6 6.Nc3 Bg7 7.e4 O-O 8.e5 Ne8 9.f4
d6 10.Nf3 Nc7 11.Bc4 Nd7 12.O-O Nb6 13.b3 Bxa6 14.Qd3 Qc8 15.a4 Qb7 16.a5 Nd7
17.Ne4 dxe5 18.fxe5 Nxe5 19.Nxe5 Bxe5 20.Nxc5 Bxc4 21.bxc4 Qb4 22.Ba3 Qxa5
23.Nb3 Qxa3 24.Rxa3 Rxa3 25.Qe4 f6 26.Nc5 Bd6 27.Nb7 Be5 28.c5 Rfa8 29.d6 Ne6
30.dxe7 Bd4+ 31.Kh1 Kf7 32.Nd8+ Nxd8 33.e8=Q+ Kg7 34.Qxd4 1-0

[Event "Ch FEFB Elite"]
[Site "Namur"]
[Date "2018.05.12"]
[Round "5.2"]
[White "Tomov, Georgi"]
[Black "Claesen, Pieter"]
[Result "1/2-1/2"]
[BlackElo "2315"]
[WhiteElo "2251"]

1.Nf3 d5 2.d4 Nf6 3.c4 c6 4.cxd5 cxd5 5.Nc3 Nc6 6.Bf4 Bf5 7.e3 e6 8.Qb3 Bb4
9.Ne5 Qb6 10.Nxc6 bxc6 11.Be2 Ne4 12.f3 Nxc3 13.bxc3 Be7 14.c4 Qxb3 15.axb3
Bb4+ 16.Kf2 a5 17.Rhc1 Kd7 18.g4 Bg6 19.h4 h6 20.h5 Bh7 21.Ra2 1/2-1/2

[Event "Ch FEFB Elite"]
[Site "Namur"]
[Date "2018.05.12"]
[Round "5.3"]
[White "Godart, Francois"]
[Black "Iolis, Oleg"]
[Result "1-0"]
[BlackElo "2145"]
[WhiteElo "2420"]

1.d4 Nf6 2.Nf3 g6 3.c4 Bg7 4.g3 c6 5.Bg2 d5 6.Qb3 Qb6 7.Nc3 O-O 8.O-O Rd8
9.Bf4 Na6 10.Ne5 Be6 11.c5 Qxb3 12.axb3 Nb4 13.Ra4 a5 14.Rfa1 Nc2 15.Rc1 Nxd4
16.Rxd4 Ng4 17.Nf3 Bxd4 18.Nxd4 Bd7 19.Nf3 Re8 20.h3 e5 21.Bg5 h6 22.Bd2 Nf6
23.Bxh6 d4 24.Bg5 Nh7 25.Ne4 Nxg5 26.Nfxg5 Kg7 27.Nd6 Red8 28.Ngxf7 1-0

[Event "Ch FEFB Elite"]
[Site "Namur"]
[Date "2018.05.12"]
[Round "5.4"]
[White "Dallemagne, Maximilien"]
[Black "Werner, Ivan"]
[Result "1/2-1/2"]
[BlackElo "2111"]
[WhiteElo "2074"]

1.d4 Nf6 2.Nf3 g6 3.g3 Bg7 4.Bg2 O-O 5.O-O d5 6.Nbd2 c5 7.e3 Nc6 8.b3 cxd4
9.exd4 Bf5 10.a3 Rc8 11.Bb2 Ne4 12.Rc1 Qb6 13.Nxe4 dxe4 14.Nd2 Nxd4 15.Bxd4
Bxd4 16.Nc4 Qc5 17.Qe2 b5 18.Ne3 a6 19.g4 Be6 20.Bxe4 Qe5 21.Bg2 Rc3 22.Rfe1
Rfc8 23.Nd5 Bxd5 24.Qxe5 Bxe5 25.Bxd5 Bf4 26.Rcd1 R8c7 27.Be4 Rh3 28.Rd8+ Kg7
29.Bd3 Rc5 30.Re4 Bd6 31.Re3 Rxe3 32.fxe3 Rg5 33.h3 h5 34.Ra8 hxg4 35.hxg4
Bxa3 36.Rxa6 Bc5 37.Kf2 b4 38.Kf3 Rd5 39.Rc6 Bd6 40.Rc8 Ra5 41.e4 Ra1 42.Rc4
Kf6 43.Kg2 Ke5 44.Kf3 Rg1 45.Be2 Kf6 46.Kf2 Rh1 47.Bf3 Rh2+ 48.Bg2 Rh4 49.Kf3
Ke5 50.Rc8 Rh2 51.Ra8 Kd4 52.Rc8 Ke5 53.Rf8 Ke6 54.Rc8 Be5 55.Rc4 Bc3 56.Kg3
Rh8 57.Kf4 Ra8 58.Rc6+ Kd7 59.Rc5 Kd8 60.Rd5+ Ke8 61.Bf1 Ra1 62.Bd3 Rh1
63.Rb5 Kf8 64.e5 Rh3 65.Ke4 Rg3 66.Kf4 Rg1 67.e6 Bd2+ 68.Kf3 Re1 69.exf7 Kxf7
70.Rb6 g5 71.Bc4+ e6 72.Bd3 Re5 73.Kg2 Re3 74.Rb7+ Kf6 1/2-1/2

[Event "Ch FEFB Elite"]
[Site "Namur"]
[Date "2018.05.12"]
[Round "5.5"]
[White "Marechal, Andy"]
[Black "Timmermans, Daniel"]
[Result "1-0"]
[BlackElo "1919"]
[WhiteElo "2311"]

1.e4 c5 2.Nc3 g6 3.f4 Bg7 4.Nf3 d6 5.Bb5+ Bd7 6.Bc4 Nc6 7.O-O Na5 8.Be2 Nc6
9.Qe1 e6 10.d3 Nh6 11.f5 gxf5 12.Qg3 Qf6 13.Nb5 O-O 14.Bg5 Qg6 15.Nh4 Bd4+
16.Kh1 Qg7 17.Bxh6 Qxg3 18.hxg3 Rfd8 19.exf5 Bxb2 20.Rab1 Be5 21.Bf4 Bxf4
22.Rxf4 Nb4 23.Nxd6 Bc6 24.Ne4 b6 25.fxe6 fxe6 26.Bg4 Bxe4 27.Bxe6+ Kh8
28.dxe4 Nxc2 29.Rf7 Nd4 30.Bd5 Rf8 31.Rbf1 Rxf7 32.Rxf7 Rc8 33.g4 c4 34.g5
Rg8 35.g6 hxg6 36.Rxa7 c3 37.Bxg8 c2 38.Rc7 Kxg8 39.Nf3 1-0

[Event "Ch FEFB Elite"]
[Site "Namur"]
[Date "2018.05.12"]
[Round "6.1"]
[White "Tomov, Georgi"]
[Black "Real, Thibault"]
[Result "1/2-1/2"]
[BlackElo "2211"]
[WhiteElo "2251"]

1.Nf3 d5 2.d4 Nf6 3.c4 e6 4.Nc3 Be7 5.Bf4 c5 6.dxc5 Bxc5 7.e3 O-O 8.a3 dxc4
9.Bxc4 a6 10.Qxd8 Rxd8 11.Na4 Nbd7 12.Bc7 Re8 13.Nxc5 Nxc5 14.Rc1 b5 15.Bxb5
axb5 16.Rxc5 b4 17.Ra5 Ba6 18.Kd1 Ne4 19.Bg3 Be2+ 20.Kxe2 Rxa5 21.axb4 Ra2
22.Kd3 Nxg3 23.fxg3 Rxb2 24.Kc3 Re2 25.Kd3 Ra2 26.Rb1 Ra3+ 27.Kd4 Kf8 28.b5
Rd8+ 29.Kc5 Rd5+ 30.Kb4 Rxe3 31.b6 Re4+ 32.Kc3 Rd8 33.b7 Re3+ 34.Kc4 Re4+
35.Kc3 Re3+ 36.Kc4 Re4+ 37.Kc3 Re3+ 1/2-1/2